| 000 | 02085 a2200325 4500 | ||
|---|---|---|---|
| 001 | 60515 | ||
| 005 | 20260407155856.0 | ||
| 008 | 260407a2014 arg spa d | ||
| 003 | AR-UNSa-BCEJYS | ||
| 040 |
_aAR-UNSa-BCEJYS _bspa _cAR-UNSa-BCEJYS |
||
| 080 |
_a330.342.146 _xEconomía social de mercado. Economía del estado del bienestar |
||
| 245 | 1 | 0 |
_aEconomía social _pPrecisiones conceptuales y algunas experiencias históricas |
| 020 | _a978-987-630-172-5 | ||
| 264 | 1 |
_aLos Polvorines : _bUniversidad Nacional de General Sarmiento _c2014 |
|
| 300 |
_a255 p. _c21 cm. |
||
| 505 | _a1. Estudios de economía social. Segunda lección - Intervención de las doctrinas filosóficas / León Walras - 2. Charles Gide: una referencia singular para identificar la economia social y definir su identidad / Mirta Vuotto - 3. Teoría económica sistema y cooperativo / Julio H. G. Olivera - 4. Orígenes, contextos y funciones de un tercer gran sector / Jacques Defourny - 5. La economía social como enfoque metodológico, como objeto de estudio y como disciplina científica / Rafael Chavez - 6. La economía social: tercer sector de un nuevo escenario / José Luis Monzón - 7. La larga marcha del concepto de economía social / Jacques Defourny - 8. La economía social en Québec: elementos teóricos y empíricos para el debate y la investigación / Benoít Lévesque y Margueritte Mendell - 9. La cooperación y la economía social / Marie-Claire Mallo - 10. Las empresas de economía social ¿Generan mayores innovaciones sociales que las empresas de otro tipo? / Benoít Lévesque | ||
| 041 | _aspa | ||
| 942 | _cBK | ||
| 590 | _aniveau_biblio:m niveau_hierar:0 | ||
| 100 | 1 | _aVuotto, Mirta | |
| 700 | 1 | _aChavez, Rafael | |
| 700 | 1 | _aDefourny, Jacques | |
| 700 | 1 | _aLévesque, Benoit | |
| 700 | 1 | _aMalo, Marie-Claire | |
| 700 | 1 | _aMendell, Marguerite | |
| 700 | 1 | _aMonzón, José Luis | |
| 700 | 1 | _aOlivera, Julio H.G. | |
| 700 | 1 | _aWalras, Léon | |
| 856 | 4 | 1 |
_uhttps://www.biblioeco.unsa.edu.ar/pmb/images/libros/L129216.jpg _yImagen de portada _qimage/jpeg |
| 999 |
_c7025 _d7025 |
||